000 01775nam a2200253 4500
005 20160902083912.0
008 160802s1880 sp |||f |||| 001 e spa d
040 _aCO-BoUCM
_bspa
_cSandra Yazo
_dSandra Yazo
041 0 _aspa
082 0 4 _220
_a864
092 _aE40N118
100 1 _aSánchez de Toca, Joaquín
_d1854-1942
_978433
245 1 0 _aEnsayos sobre religión y política
_cpor Joaquín Sánchez de Toca
260 _aMadrid (España)
_bImprenta de F. Maroto é hijos
_c1880
300 _axiii, 581 páginas
_c24 x 16 cm
500 _aDetalles físicos: Encuadernación rígida (holandesa) en cartón forrado en papel, tapas con raspaduras y desgaste en bordes, lomo en cuero con nervaduras sobre costura y adornos en dorado. Guardas simulando papel de agua. Hoja de cortesía, con una anotación manuscrita. Anteportada, portada impresa en una sola tinta. Letras capitales. Texto en una sola columna, algunas notas al pie de página. Al final un remate. Papel muy manchado. Perteneció a la biblioteca de Mons. Rafael María Carrasquilla
505 0 _aPrólogo ; Vicisitudes del pontificado romano ; La iglesia y el estado ; El pontificado y la unidad italiana ; Carácter anticristiano de la revolución moderna y su impotencia contra el orden religioso ; La iglesia y la revolución en España ; La libertad de enseñanza ; De algunas herejías científicas del siglo XIX ; De alguna otra herejía filosófica del siglo XIX ; Temores y esperanzas respecto de las sociedades modernas
506 _aConsulta en sala
650 7 _914560
_aEnsayos españoles
650 7 _923515
_aReligión y política
_xEnsayos
650 7 _918734
_aLiteratura religiosa española
690 _aLiteratura europea
_926524
942 _2LOCAL
_cLIBRO
_e1
_hE40N118
999 _c303904
_d303904